000 00961nac a22002897a 4500
001 BR7100743
003 BR-BrBNA
005 20240105113418.0
008 230509b bl.|||m| |||| 00| 0 por d
040 _aBR-BrBNA
_bpor
_cBiblioteca Nacional de Agricultura
072 _aF28; N10
090 _aF28 BR7100743
100 1 _aMargolis, E.
100 1 _aAlbuquerque, I. de A.
110 1 _aInstituto de Pesquisas Agronomicas, Recife, PE (Brasil)
_96142
245 1 _aObservacoes preliminares sobre as perdas por erosao na Estacao Experimental de Caruaru [Pernambuco; Brasil, Solo]
260 3 _aRecife, PE (Brasil):
_c1971.
300 _a21 p.
490 _aBoletim Tecnico - Instituto de Pesquisas Agronomicas (Brazil)
_vno. 51
_x
500 _a8 ref.; 4 tables
650 _aEROSAO DO SOLO
650 _aENGENHARIA AGRICOLA
650 _aSOLO
650 _aPERNAMBUCO
909 _a202312
_bLúcia Elande
_c55
_dLúcia Elande
942 _2AGRIS
_n0
_cMS
999 _c263580
_d263580